| 000 | 00559nam a22001697a 4500 | ||
|---|---|---|---|
| 003 | NUST - PNEC | ||
| 005 | 20170116180915.0 | ||
| 008 | 150903b xxu||||| |||| 00| 0 eng d | ||
| 020 | _a8120405722 | ||
| 040 | _cLIBRARY | ||
| 082 | _a620.112 RAM | ||
| 100 |
_97415 _a International Conference on Advances in Composite Materials |
||
| 245 |
_aAdvances in composite materials _bproceedings of the International Conference on Advances in Composite Materials _cP. Ramakrishnan |
||
| 260 | _cc 1991 | ||
| 650 |
_96989 _aComposite materials _xME |
||
| 942 |
_2ddc _cBK |
||
| 999 |
_c65446 _d65446 |
||